Score 0/27 Timer 04:00
0 Plays Today
Hint 4-letter word % Correct
Cook in an ovenBAKE
96.6%
''You ____ me want to be a better man.''MAKE
96.3%
Movie pigBABE
95.8%
''Nobody puts ____ in a corner.''BABY
94.2%
Female horseMARE
94.1%
Beach dirtSAND
92.3%
''No, I don’t think I ____ kiss you, although you need kissing, badly.''WILL
92.2%
''I'm just a ____, standing in front of a boy, asking him to love her.''GIRL
92.1%
''We'll always ____ Paris.''HAVE
91.3%
RescueSAVE
90.7%
TransmitSEND
90.7%
Early worm catcherBIRD
90.4%
''I was looking up. It was the nearest thing to heaven. You ____ there.”WERE
90.1%
Of sound mindSANE
89.6%
Hint 4-letter word % Correct
Underwater oxygen extraction organGILL
88%
Plant starterSEED
87.2%
''I never dreamed that any ____ physical experience could be so stimulating!''MERE
85.4%
Animal often mad in MarchHARE
85%
ExposeBARE
84.3%
'Romeo and Juliet' was written by the '____ of Avon'BARD
84.3%
Encircle with a beltGIRD
83.7%
Property ownership documentDEED
83.4%
Send a telegramWIRE
83.1%
Leak slowlySEEP
80.2%
Skill in outwittingWILE
79.2%
''... and I believe in long, slow, ____, soft, wet kisses that last three days.”DEEP
77.8%
''And I think what we got on our hands is a ____ shark.''DEAD
74.8%

Today's Daily Dose

Remove Ads.
Support Sporcle.
Get the best of Sporcle when you Go Orange. This ad-free experience offers more features, more stats, and more fun while also helping to support Sporcle. Thank you for becoming a member.

You're not logged in!

Compare scores with friends on all Sporcle quizzes.
OR
Log In

Show Comments

Extras

Top Quizzes Today


Score Distribution

Your Account Isn't Verified!

In order to create a playlist on Sporcle, you need to verify the email address you used during registration. Go to your Sporcle Settings to finish the process.

Report this User

Report this user for behavior that violates our Community Guidelines.

Details: